[Event "19th Czech Chladek & Tintera A Open"]
[Site "Pardubice CZE"]
[Date "2008.07.19"]
[Round "2"]
[White "Antoli Royo,J"]
[Black "Skreno,V"]
[Result "1-0"]
[WhiteElo "2441"]
[BlackElo "2234"]

1.e4 c5 2.Nf3 Nc6 3.Bb5 g6 4.O-O Bg7 5.c3 d6 6.h3 Bd7 7.d4 cxd4 8.cxd4 a6
9.Bc4 b5 10.Bb3 Na5 11.Bc2 e6 12.Bf4 Qb6 13.Nc3 Rc8 14.Re1 Ne7 15.e5 d5 16.Bg5 Nec6
17.Bf6 O-O 18.Qd2 Nc4 19.Qf4 Nxb2 20.Rab1 Nc4 21.Bd3 Qa5 22.Ne2 Nb4 23.Rb3 Nxd3
24.Rxd3 Nb2 25.Rd2 Nc4 26.Rd3 Nb2 27.Re3 Nc4 28.Ng3 Nxe3 29.Rxe3 Rc1+ 30.Kh2 Rfc8
31.Bxg7 Kxg7 32.Ng5 Be8 33.Nh5+ Kf8 34.Qf6 R1c6  1-0

[Event "Ch-AY Boys U16"]
[Site "Tehran IRI"]
[Date "2008.07.19"]
[Round "5"]
[White "Salehian,Si"]
[Black "Priyadharshan,K"]
[Result "1-0"]
[WhiteElo "2079"]
[BlackElo "2297"]

1.e4 c5 2.Nf3 Nc6 3.Bb5 d6 4.O-O Bd7 5.Re1 Nf6 6.c3 a6 7.Bf1 Bg4 8.d4 cxd4
9.cxd4 e5 10.d5 Nd4 11.Be3 Nxf3+ 12.gxf3 Bh5 13.Nd2 Be7 14.Bh3 O-O 15.Qb3 b5
16.a4 Rb8 17.Qc2 Bg6 18.Qc6 Nh5 19.axb5 Rxb5 20.Rxa6 Rxb2 21.Rea1 Nf4 22.Bxf4 exf4
23.Nc4 Rb8 24.Rb6 Bf6 25.Rab1 Rxb6 26.Qxb6 Be5 27.Nxe5 Qxb6 28.Rxb6 dxe5
29.Kf1 Rd8 30.Ke2 f5 31.Bxf5 Bxf5 32.exf5 Rxd5  1-0

[Event "XIII Open"]
[Site "Balaguer ESP"]
[Date "2008.07.20"]
[Round "7"]
[White "Colas Longares,R"]
[Black "Pogorelov,R"]
[Result "1-0"]
[WhiteElo "2258"]
[BlackElo "2459"]

1.e4 c5 2.Nf3 Nc6 3.Bb5 g6 4.Bxc6 dxc6 5.d3 Bg7 6.Nc3 e5 7.Be3 Qe7 8.h3 Nf6
9.Qd2 h6 10.O-O-O Nd7 11.Nh2 Nf8 12.Ne2 Ne6 13.f4 exf4 14.Nxf4 Nxf4 15.Bxf4 Be6
16.Kb1 O-O-O 17.Nf3 b6 18.Qf2 c4 19.Be5 f6 20.Bc3 cxd3 21.cxd3 f5 22.Qc2 Kb7
23.exf5 Bxf5 24.Rhe1 Qd7 25.g4 Bxc3 26.Qxc3 Be6 27.Ne5 Qd5 28.b3 Rhe8 29.Nxg6 Bc8
30.Ne5 Re6 31.Re2 Rde8 32.Rde1 c5 33.Qc4 Qxc4 34.bxc4 a6 35.Kc2 b5 36.Kd2 Rd8
37.Nf7 Rxe2+ 38.Rxe2 Rd7 39.Ne5 Rg7 40.Rf2 Rg5 41.Rf7+ Kb6 42.Rf6+ Ka5 43.Nc6+ Ka4
44.Ne7 Bb7 45.Rb6 Rg7 46.Rxb7 b4 47.Rb6 a5 48.Nc6 Ka3 49.Nxa5 Kxa2 50.Rb5 Rf7
51.Nb7 Rf2+ 52.Ke3 Rh2 53.Nxc5 Rxh3+ 54.Kd4 Ka3 55.Ra5+ Kb2 56.Ra4 Rg3 57.Rxb4+ Kc2
58.Ra4 Rxg4+ 59.Ne4 Rg8 60.Ra2+ Kb3 61.Rh2 Rh8 62.c5 Kb4 63.Kd5 Ka5 64.Rb2  1-0

[Event "Politiken Cup"]
[Site "Helsingor DEN"]
[Date "2008.07.20"]
[Round "2"]
[White "Pedersen,HB"]
[Black "Eljanov,P"]
[Result "0-1"]
[WhiteElo "2178"]
[BlackElo "2716"]

1.e4 c5 2.Nf3 Nc6 3.Bb5 e6 4.O-O Nge7 5.Nc3 a6 6.Bxc6 Nxc6 7.d4 cxd4 8.Nxd4 Qc7
9.Nxc6 dxc6 10.Qh5 b5 11.Be3 c5 12.Rad1 Bb7 13.f3 Be7 14.Rd2 O-O 15.Rfd1 Rfd8
16.Ne2 g6 17.Qg4 Rxd2 18.Rxd2 Rd8 19.Qg3 Qa5 20.Rxd8+ Qxd8 21.Qe1 b4 22.Qd2 Qxd2
23.Bxd2 f5 24.exf5 exf5 25.c3 Kf7 26.Kf2 a5 27.Ke3 Bd5 28.cxb4 axb4 29.a3 bxa3
30.bxa3 Bc4 31.Bc3 Bd6 32.g3 Ke6 33.Nf4+ Kd7 34.Nd3 Kc6 35.Ne5+ Kd5 36.f4 Bb5
37.Nf7 Be7 38.Ne5 Bd8 39.h4 Bb6 40.Kf3 Ba4 41.Ke3 c4+ 42.Ke2 Bd4 43.Be1 Bb2
44.Bb4 c3  0-1

[Event "Politiken Cup"]
[Site "Helsingor DEN"]
[Date "2008.07.20"]
[Round "3"]
[White "Knudsen,JesW"]
[Black "Nguyen,Mi"]
[Result "0-1"]
[WhiteElo "2003"]
[BlackElo "2174"]

1.e4 c5 2.Nf3 Nc6 3.Bb5 d6 4.Bxc6+ bxc6 5.O-O e5 6.h3 g6 7.d3 Bg7 8.Nh2 Ne7
9.Nc3 Rb8 10.Ng4 Be6 11.b3 O-O 12.f3 f5 13.Nf2 Qd7 14.Na4 f4 15.Nh1 h5 16.Kf2 g5
17.Ke2 g4 18.hxg4 hxg4 19.Qe1 g3 20.Kd2 Qe8 21.Kc3 Qh5 22.Nxg3 fxg3 23.Qxg3 Ng6
24.Bg5 Nf4 25.Kd2 Kf7 26.Rh1 Qg6 27.c3 Nh5 28.Qh4 Rh8 29.g3 Nf6  0-1

[Event "Politiken Cup"]
[Site "Helsingor DEN"]
[Date "2008.07.20"]
[Round "3"]
[White "Pavlovskaia,E"]
[Black "Iljushin,A"]
[Result "0-1"]
[WhiteElo "2210"]
[BlackElo "2546"]

1.e4 c5 2.Nf3 Nc6 3.Bb5 g6 4.O-O Bg7 5.c3 Nf6 6.Re1 O-O 7.d3 d6 8.Nbd2 e5
9.Nf1 Ne8 10.Ng3 Nc7 11.Ba4 h6 12.h3 b5 13.Bb3 a5 14.a3 Be6 15.Be3 Qd7 16.Nh2 Bxb3
17.Qxb3 a4 18.Qc2 Ne6 19.Ne2 d5 20.Rad1 d4 21.Bc1 dxc3 22.bxc3 b4 23.Bb2 b3
24.Qc1 h5 25.Nf3 Rad8 26.Qe3 Rfe8 27.h4 Qd6 28.Ng5 Nf4 29.Nxf4 exf4 30.Qe2 Qe7
31.Nf3 Ne5 32.d4 Nxf3+ 33.Qxf3 Qxh4 34.dxc5 Qg4 35.c6 Rc8 36.Qd3 Rxc6 37.f3 Qe6
38.Rd2 Qc4 39.Qxc4 Rxc4 40.Rd3 f5 41.Kf2 fxe4 42.fxe4 Rcxe4 43.Rxe4 Rxe4
44.Kf3 Re1 45.Rd2 Re3+  0-1

[Event "Politiken Cup"]
[Site "Helsingor DEN"]
[Date "2008.07.20"]
[Round "3"]
[White "Hansen,SuB"]
[Black "Aabling Thomsen,J"]
[Result "1-0"]
[WhiteElo "2542"]
[BlackElo "2275"]

1.e4 c5 2.Nf3 Nc6 3.Bb5 Qc7 4.O-O Nf6 5.Re1 Nd4 6.Nxd4 cxd4 7.c3 a6 8.Ba4 b5
9.Bb3 Bb7 10.d3 dxc3 11.Nxc3 e6 12.Be3 Bd6 13.h3 Rc8 14.Rc1 Qb8 15.Qd2 O-O
16.f4 Bb4 17.Qe2 d6 18.Rf1 Nd7 19.f5 exf5 20.Rxf5 Bxc3 21.bxc3 Nc5 22.Qg4 Nxb3
23.Bh6 g6 24.axb3 Rfe8 25.Rxf7 Kxf7 26.Qd7+ Re7 27.Rf1+ Kg8 28.Qxe7 Qc7 29.Qf8+ Rxf8
30.Rxf8+  1-0

[Event "Politiken Cup"]
[Site "Helsingor DEN"]
[Date "2008.07.20"]
[Round "3"]
[White "Pavlovskaia,E"]
[Black "Iljushin,A"]
[Result "0-1"]
[WhiteElo "2210"]
[BlackElo "2546"]

1.e4 c5 2.Nf3 Nc6 3.Bb5 g6 4.O-O Bg7 5.c3 Nf6 6.Re1 O-O 7.d3 d6 8.Nbd2 e5
9.Nf1 Ne8 10.Ng3 Nc7 11.Ba4 h6 12.h3 b5 13.Bb3 a5 14.a3 Be6 15.Be3 Qd7 16.Kh2 Bxb3
17.Qxb3 a4 18.Qc2 Ne6 19.Ne2 d5 20.Rad1 d4 21.Bc1 dxc3 22.bxc3 b4 23.Be3 b3
24.Qc1 h5 25.Ng3 Rad8 26.Ne2 Rfe8  0-1

[Event "19th Czech Chladek & Tintera A Open"]
[Site "Pardubice CZE"]
[Date "2008.07.20"]
[Round "3"]
[White "Teske,H"]
[Black "Lammers,M"]
[Result "1-0"]
[WhiteElo "2504"]
[BlackElo "2355"]

1.e4 c5 2.Nf3 Nc6 3.Bb5 d6 4.c3 Nf6 5.Qe2 Bg4 6.d4 cxd4 7.cxd4 d5 8.e5 Nd7
9.Be3 e6 10.O-O Be7 11.Rc1 Rc8 12.Nbd2 O-O 13.a3 f6 14.h3 Bxf3 15.Nxf3 Re8
16.Rc3 Ndb8 17.Rac1 a6 18.Bd3 Qd7 19.exf6 Bxf6 20.Bf4 g6 21.Qe3 Rcd8 22.R3c2 Qg7
23.Ne5 Bxe5 24.dxe5 Rd7 25.Bg3 Rc7 26.f4 Rec8 27.Bh4 Na5 28.Qb6 Nac6 29.b4 Qf7
30.Qe3 Nd7 31.a4 d4 32.Qd2 Nb6 33.b5 axb5 34.axb5 Nb8 35.Rxc7 Rxc7 36.Rxc7 Qxc7
37.Bf2 Nd5 38.Bxd4 Nd7 39.g3 Nc5 40.Bc2 b6 41.h4 Qd7 42.Bxc5 bxc5 43.Qd3 c4
44.Qxc4 Qa7+ 45.Kh2 Qf2+ 46.Kh3 Ne3 47.Qxe6+ Kg7 48.Qe7+ Kh6 49.Qf8+ Kh5
50.Bd1+  1-0

[Event "31st Taminco Open"]
[Site "Ghent BEL"]
[Date "2008.07.21"]
[Round "6"]
[White "Nieto,E"]
[Black "Verwoert,J"]
[Result "1-0"]
[WhiteElo "2238"]
[BlackElo "2089"]

1.e4 c5 2.Nf3 Nc6 3.Bb5 g6 4.Bxc6 dxc6 5.d3 Bg7 6.h3 Nf6 7.Nc3 O-O 8.Be3 b6
9.Qd2 a5 10.O-O Ba6 11.Bh6 Nd7 12.Bxg7 Kxg7 13.e5 e6 14.Rfe1 c4 15.d4 Qe7
16.Ne4 Rad8 17.Rad1 c5 18.d5 exd5 19.Qxd5 Nb8 20.Nd6 Bb5 21.Qe4 Bc6 22.Qf4 c3
23.b3 f6 24.Nc4 Bxf3 25.Rxd8 Qxd8 26.Qxf3 fxe5 27.Qxc3 Qd4 28.Qg3 e4 29.c3 Qd3
30.Qe5+ Kg8 31.Rxe4 Qb1+ 32.Kh2 Qxa2 33.Qd5+  1-0

[Event "Sun Pawn A"]
[Site "Illichevsk UKR"]
[Date "2008.07.21"]
[Round "2"]
[White "Poleshchuk,D"]
[Black "Shalimov,V UKR"]
[Result "1/2-1/2"]
[WhiteElo "2183"]
[BlackElo "2438"]

1.e4 c5 2.Nf3 Nc6 3.Bb5 g6 4.Bxc6 dxc6 5.d3 Bg7 6.h3 Nf6 7.Nc3 Nd7 8.Be3 e5
9.Qd2 O-O 10.Bh6 Bxh6 11.Qxh6 f6 12.O-O-O Rf7 13.Nh2 Nf8 14.g3 Ne6 15.f4 Qf8
16.Qxf8+ Nxf8 17.Nf3 exf4 18.gxf4 Bd7 19.Rdg1 Kh8 20.Rg3 Re8 21.h4 Ne6 22.Ne2 Ng7
23.b3 Rfe7 24.Kd2 Be6 25.Rgg1 b6 26.Ng3 Bg4 27.Nh2 Bd7 28.Nf3 Rg8 29.Ke3 h6
30.Ne2 Kh7 31.Rg2 h5 32.Kd2 Bg4 33.Nh2 Bxe2 34.Kxe2 Ne6 35.Ke3 g5 36.fxg5 fxg5
37.hxg5 Rxg5 38.Rxg5 Nxg5 39.Nf1 Kg6 40.Ng3 Rh7 41.Nf5 Ne6 42.c3 Kf6 43.Rf1 Kg5
44.Rg1+ Kf6 45.Rf1 Kg5 46.Rg1+ Kf6  1/2-1/2

[Event "19th Czech Chladek & Tintera A Open"]
[Site "Pardubice CZE"]
[Date "2008.07.21"]
[Round "4"]
[White "Biolek,R2"]
[Black "Gutenev,A"]
[Result "1/2-1/2"]
[WhiteElo "2434"]
[BlackElo "2280"]

1.e4 c5 2.Nf3 Nc6 3.Bb5 g6 4.Bxc6 dxc6 5.d3 Bg7 6.h3 e5 7.Be3 Qe7 8.Qd2 Nf6
9.Bh6 O-O 10.Nc3 Nd7 11.Bxg7 Kxg7 12.Ne2 Rd8 13.Nh2 Nf8 14.O-O c4 15.Qc3 cxd3
16.cxd3 f6 17.f4 Qd6 18.Rf3 Ne6 19.fxe5 Qxe5 20.Raf1 Qxc3 21.Nxc3 Rf8 22.Ng4 Ng5
23.Rxf6 Bxg4 24.Rxf8 Rxf8 25.Rxf8 Kxf8 26.hxg4 Nf7 27.d4 Nh6 28.Kf2 Nxg4+
29.Kf3 Nf6 30.e5 Ne8 31.d5 cxd5 32.Nxd5 Kf7 33.Ke4 Ng7 34.b4 Ne6 35.a4 Ng5+
36.Kd4 Ne6+ 37.Ke3 Nd8 38.b5 Ne6 39.Nf6 Nc5 40.Nxh7 Nxa4 41.Ng5+ Ke7 42.Ne4 a6
43.bxa6 bxa6 44.Kf4 Nb6 45.Kg5 Nd7 46.Kxg6 Nxe5+  1/2-1/2

[Event "41st Festival MTO"]
[Site "Biel SUI"]
[Date "2008.07.22"]
[Round "2"]
[White "Ulibin,M"]
[Black "Lehmann,A"]
[Result "1-0"]
[WhiteElo "2520"]
[BlackElo "2258"]

1.e4 c5 2.Nf3 Nc6 3.Bb5 g6 4.O-O Bg7 5.c3 Nf6 6.Qa4 Qc7 7.d4 cxd4 8.cxd4 O-O
9.Nc3 a6 10.e5 Ng4 11.Bg5 Rb8 12.Be2 d6 13.h3 Nh6 14.exd6 exd6 15.Nd5 Qa5
16.Qxa5 Nxa5 17.Be7 Nf5 18.Bxf8 Kxf8 19.Bd3 Nxd4 20.Ng5 h6 21.Nh7+ Kg8 22.Nhf6+ Kh8
23.Rfd1 Nac6 24.Ne4 Be6 25.Nf4 Be5 26.Nxe6 fxe6 27.Rab1 Kg7 28.Bf1 Rf8 29.b4 b5
30.a3 Rf4 31.Nd2 Rf8 32.Bd3 Ra8 33.Ne4 a5 34.g3 g5 35.Kg2 axb4 36.axb4 Ra4
37.Nc3 Ra3 38.Ne4 Ra4 39.Bf1 Nxb4 40.Nc3 Ra3 41.Rxb4 Rxc3 42.Rdxd4 Bxd4 43.Rxd4 Rc6
44.Bxb5 Rb6 45.Be2 Kf6 46.Ra4 d5 47.Ra7 Rb2 48.Bh5 e5 49.Rf7+ Ke6 50.Rh7 e4
51.Rxh6+ Ke5 52.Rh8 Kd4 53.Re8 Kd3 54.Bf7  1-0

[Event "Dutch Open"]
[Site "Dieren NED"]
[Date "2008.07.22"]
[Round "1"]
[White "Kuling,L"]
[Black "Ikonnikov,Vy"]
[Result "0-1"]
[WhiteElo "2196"]
[BlackElo "2592"]

1.e4 c5 2.Nf3 Nc6 3.Bb5 g6 4.O-O Bg7 5.Nc3 Nd4 6.Ba4 a6 7.Nxd4 cxd4 8.Ne2 b5
9.Bb3 Bb7 10.d3 e6 11.c3 dxc3 12.bxc3 Ne7 13.Bg5 h6 14.Bh4 g5 15.Bg3 d5 16.e5 Nf5
17.Nd4 Nxg3 18.fxg3 O-O 19.Ne2 Bxe5 20.d4 Bg7 21.g4 Qb6 22.Kh1 a5 23.Qd3 b4
24.Bc2 f5 25.gxf5 Ba6 26.Qf3 bxc3 27.Qh5 exf5 28.Rab1 Qe6 29.Rfe1 Rae8 30.Ng1 Qxe1
31.Rxe1 Rxe1 32.Qf3 Bc4 33.Qxc3 Rfe8 34.h3 Rc1 35.Kh2 Bf8 36.Qd2 Bd6+ 37.g3 Ree1
38.Bxf5 Rxg1 39.Be6+ Kg7 40.Qxa5 Bxg3+  0-1

[Event "31st Taminco Open"]
[Site "Ghent BEL"]
[Date "2008.07.22"]
[Round "7"]
[White "Kuipers,E"]
[Black "Vermaat,M"]
[Result "1/2-1/2"]
[WhiteElo "2292"]
[BlackElo "2120"]

1.e4 c5 2.Nf3 Nc6 3.Bb5 g6 4.O-O Bg7 5.Bxc6 bxc6 6.Re1 Nf6 7.d3 O-O 8.h3 d6
9.Nc3 e5 10.Be3 Rb8 11.Rb1 h6 12.b3 Nh5 13.Nd2 Qh4 14.Nc4 f5 15.Nxd6 f4 16.Bxc5 Bxh3
17.f3 Be6 18.Ne2 Ng3 19.Qd2 g5 20.Nxg3 fxg3 21.Qe3 g4 22.Kf1 gxf3 23.gxf3 Bh3+
24.Ke2 Rxf3 25.Qxf3 Bg4 26.Nf5 Qh2+ 27.Ke3 Bxf3 28.Kxf3 Qxc2 29.Be3 Qxa2
30.Rg1 Rb7 31.Rbc1 Qxb3 32.Rxg3 Kh8 33.Rcg1 Bf8 34.Rh1 Qxd3 35.Nxh6 Bg7 36.Nf5+ Kg8
37.Rhg1 Rf7 38.Rxg7+ Rxg7 39.Rxg7+ Kf8 40.Rxa7 c5 41.Kg4 Qxe4+ 42.Kg5  1/2-1/2

[Event "31st Taminco Open"]
[Site "Ghent BEL"]
[Date "2008.07.22"]
[Round "7"]
[White "Cools,G"]
[Black "Klundt,K"]
[Result "1/2-1/2"]
[WhiteElo "2327"]
[BlackElo "2361"]

1.e4 c5 2.Nf3 Nc6 3.Bb5 d6 4.O-O Bd7 5.Re1 Nf6 6.h3 a6 7.Bf1 e5 8.c3 Be7
9.d4 O-O 10.d5 Nb8 11.a4 b6 12.b4 Bc8 13.Nbd2 Nbd7 14.Nc4 Qc7 15.Bd3 Re8
16.Bd2 Bf8 17.Ra2 Bb7 18.Nh4 g6 19.f4 b5 20.Na5 c4 21.Bb1 exf4 22.Bxf4 Nh5
23.Bh2 Bg7 24.g4 Nhf6 25.Rf2 Ne5 26.Bxe5 Rxe5 27.Ref1 Bxd5 28.exd5 Nxd5 29.Qf3 Rae8
30.Ng2 h5 31.axb5 axb5 32.Qxf7+ Qxf7 33.Rxf7 hxg4 34.hxg4 Rg5  1/2-1/2

[Event "31st Taminco Open"]
[Site "Ghent BEL"]
[Date "2008.07.22"]
[Round "8"]
[White "Schebler,G"]
[Black "Michiels,B"]
[Result "1-0"]
[WhiteElo "2453"]
[BlackElo "2442"]

1.Nf3 c5 2.e4 Nc6 3.Bb5 g6 4.O-O Bg7 5.Re1 Nf6 6.Nc3 O-O 7.e5 Ne8 8.Bxc6 dxc6
9.Ne4 b6 10.h3 Nc7 11.d3 Ne6 12.a4 Nd4 13.Bf4 Be6 14.Nxd4 cxd4 15.Qd2 Bd5
16.Bh6 f5 17.exf6 exf6 18.Bxg7 Kxg7 19.Qf4 Qd7 20.Re2 Rae8 21.Rae1 c5 22.b3 Re6
23.Kf1 Rfe8 24.Ng3 Rxe2 25.Rxe2 Rxe2 26.Nxe2 g5 27.Qg3 h6 28.h4 Kf7 29.f3 Kg7
30.Qb8 Kg6 31.Qf8 h5 32.a5 Qc7 33.a6 gxh4 34.Qe8+ Kh6 35.Kf2 Qe5 36.Qd7 Be6
37.Qxa7 h3 38.gxh3 Qe3+ 39.Ke1 Bxh3 40.Qa8 c4 41.a7 cxd3 42.Qe4 d2+ 43.Kd1 Qf2
44.Kxd2  1-0

[Event "Politiken Cup"]
[Site "Helsingor DEN"]
[Date "2008.07.22"]
[Round "5"]
[White "Reyer,U"]
[Black "Eljanov,V"]
[Result "0-1"]
[WhiteElo "2178"]
[BlackElo "2357"]

1.e4 c5 2.Nf3 Nc6 3.Bb5 Qc7 4.O-O e6 5.Re1 a6 6.Bf1 Nf6 7.c3 d5 8.e5 Nd7
9.d4 b5 10.a3 c4 11.Kh1 Nb6 12.Ng1 Bd7 13.Be2 O-O-O 14.Nd2 f5 15.h4 Be7 16.g3 Rdg8
17.Ndf3 Be8 18.Nh2 Nd8 19.Nh3 Nf7 20.Kg2 g6 21.Bg5 Nxg5 22.Nxg5 Qd7 23.Ngf3 h6
24.Rh1 g5 25.Nf1 Bh5 26.hxg5 hxg5 27.Ng1 Bxe2 28.Rxh8 Bxf1+  0-1

[Event "19th Czech Chladek & Tintera A Open"]
[Site "Pardubice CZE"]
[Date "2008.07.22"]
[Round "5"]
[White "Cerveny,P"]
[Black "Shanava,K"]
[Result "1/2-1/2"]
[WhiteElo "2353"]
[BlackElo "2522"]

1.e4 c5 2.Nf3 Nc6 3.Bb5 d6 4.O-O Bd7 5.Re1 Nf6 6.h3 Ne5 7.a4 a6 8.Bxd7+ Nfxd7
9.b3 g6 10.Nxe5 dxe5 11.Bb2 Bg7 12.a5 O-O 13.d3 Nb8 14.Nd2 Nc6 15.Nc4 Qc7
16.Qd2 Rad8 17.Nb6 Nd4 18.Ra4 Rd6 19.Rc4 Rc6 20.Nd5 Qd6 21.Qg5 Bf6 22.Qg3 Bg7
23.Bc1 e6 24.Nb6 Rc7 25.Be3 f5 26.Bxd4 cxd4 27.Rxc7 Qxc7 28.Nc4 f4 29.Qg4 Qe7
30.h4 Kf7 31.h5 Bf6 32.hxg6+ hxg6 33.g3 Rh8 34.Kg2 g5 35.Rh1 Rxh1 36.Kxh1 fxg3
37.Qxg3 Qc7 38.Qh3 Bg7 39.Kg2 Qe7 40.Qh5+ Kf8 41.Qg6 Qf6 42.Qxf6+ Bxf6 43.Kf3 Bd8
44.Kg4 Bc7 45.Kxg5 Ke7 46.Kg6 Bb8 47.Nb6 Bc7 48.b4 Bb8 49.Nc4 Ba7 50.Nxe5 Kd6
51.Kf6  1/2-1/2

[Event "Politiken Cup"]
[Site "Helsingor DEN"]
[Date "2008.07.23"]
[Round "6"]
[White "Marusenko,P"]
[Black "Hansen,SuB"]
[Result "0-1"]
[WhiteElo "2327"]
[BlackElo "2542"]

1.e4 c5 2.Nf3 Nc6 3.Bb5 Nf6 4.d3 d6 5.c3 Bd7 6.Nbd2 g6 7.Nf1 Bg7 8.Bg5 h6
9.Bh4 O-O 10.Ne3 Qe8 11.Bxf6 Bxf6 12.g4 Bg7 13.Rg1 Nd8 14.Bc4 Ne6 15.Nf5 Nf4
16.Nxg7 Kxg7 17.Qd2 Bb5 18.Bxb5 Qxb5 19.O-O-O e5 20.Kb1 c4 21.dxc4 Qxc4 22.Qc2 Rfd8
23.Rd2 Rac8 24.Rgd1 Qc5 25.Ne1 Qc6 26.f3 a5 27.Nd3 Ne6 28.h4 b5 29.h5 Rb8
30.hxg6 fxg6 31.Qb3 Qe8 32.Ne1 b4 33.Rxd6 Rxd6 34.Rxd6 Nf4 35.cxb4 Rxb4 36.Qc3 Qe7
37.Qc6 Rb7 38.Rd1 Ne6 39.Qd6 Ng5 40.Qxe7+ Rxe7 41.Rd5 h5 42.gxh5 gxh5 43.Rxa5 h4
44.Rd5 h3 45.Rd2 Kh6 46.a4 Ra7 47.b3 Kh5 48.Ka2 Kh4 49.Ka3 Kg3 50.b4 Rd7
51.Rb2 Rd1 52.b5 Rxe1 53.b6 h2 54.Rxh2 Kxh2  0-1

[Event "Sun Pawn B"]
[Site "Illichevsk UKR"]
[Date "2008.07.23"]
[Round "4"]
[White "Prociuc,E"]
[Black "Bogdanovich,S"]
[Result "0-1"]
[WhiteElo "2109"]
[BlackElo "2299"]

1.e4 c5 2.Nf3 Nc6 3.Bb5 g6 4.Bxc6 dxc6 5.d3 Bg7 6.h3 Nf6 7.Nc3 Nd7 8.O-O e5
9.Be3 Qe7 10.Qd2 h6 11.Nh2 Nf8 12.f4 exf4 13.Rxf4 Be6 14.Raf1 Nd7 15.R4f2 Ne5
16.Ne2 O-O-O 17.Qa5 b6 18.Qa3 Kb7 19.b3 f5 20.d4 Nd7 21.dxc5 Bf7 22.Qb4 Rhe8
23.Ng3 Qh4 24.Bf4 Nxc5 25.exf5 Bd4 26.fxg6 Bxg6 27.Ng4 h5 28.c3 Nd3 29.Qc4 b5
30.Nf5 Bxf2+ 31.Nxf2 Qxf2+ 32.Rxf2 bxc4  0-1

[Event "III Open"]
[Site "Oviedo ESP"]
[Date "2008.07.23"]
[Round "1"]
[White "Gonzalez Vidal,Y"]
[Black "Fernandez Riesgo,M"]
[Result "1-0"]
[WhiteElo "2464"]
[BlackElo "1862"]

1.e4 c5 2.Nf3 Nc6 3.Bb5 a6 4.Bxc6 bxc6 5.O-O d6 6.Re1 e5 7.c3 Bg4 8.d4 cxd4
9.cxd4 exd4 10.Qa4 Qb6 11.Nxd4 Bd7 12.Nc3 c5 13.Nd5 Qb7 14.Qa5 cxd4 15.Nc7+ Ke7
16.e5 d5 17.Nxd5+ Ke8 18.Nc7+ Ke7 19.Qc5+ Kd8 20.Qxf8+ Kxc7 21.Qd6+ Kd8 22.e6 fxe6
23.Qf8+ Kc7 24.Bf4+ Kb6 25.Qb4+ Bb5 26.Qxd4+  1-0

[Event "1st Open"]
[Site "Paleochora GRE"]
[Date "2008.07.23"]
[Round "4"]
[White "Markidis,K"]
[Black "Banikas,H"]
[Result "1-0"]
[WhiteElo "2315"]
[BlackElo "2571"]

1.e4 c5 2.Nf3 Nc6 3.Bb5 Nf6 4.Bxc6 dxc6 5.d3 Nd7 6.Bf4 g6 7.Nc3 Bg7 8.Qd2 h6
9.e5 Nf8 10.Ne4 b6 11.h4 Bg4 12.Nh2 Bf5 13.Ng3 Be6 14.O-O Bd7 15.Ne4 Ne6
16.Bg3 Nd4 17.Rfe1 Be6 18.Bf4 Qd7 19.c3 Nf5 20.Nf3 Rd8 21.Rad1 h5 22.b3 O-O
23.Neg5 Qd5 24.c4 Qd7 25.a3 Bh8 26.Nxe6 Qxe6 27.Ng5 Qc8 28.e6 f6 29.Nf7 Rd4
30.Re4 Rxe4 31.dxe4 Nd4 32.Nxh8 Kxh8 33.Bd6 Kg7 34.Bxe7 Re8 35.e5 fxe5 36.Bg5 Qxe6
37.Qe3 Qf5 38.Rc1 a5 39.Kh1 Kf7 40.Kg1 Ke6 41.Kh1 Kd7 42.b4 axb4 43.axb4 cxb4
44.c5 b3 45.Qc3 bxc5 46.Qxc5 Qxf2 47.Qa7+ Ke6 48.Rxc6+ Nxc6 49.Qxf2 Rb8 50.Bc1 Rb4
51.Qc5 Kd7 52.Bb2 Rxh4+ 53.Kg1 Rg4 54.Qd5+ Kc7 55.Qxb3 Rb4 56.Bxe5+ Kb6 57.Qe3+ Kb7
58.Bd6 Rg4 59.Qb3+ Kc8 60.Qb6  1-0

[Event "83rd ch-ARG s/f"]
[Site "Buenos Aires ARG"]
[Date "2008.07.24"]
[Round "4"]
[White "Tristan,L"]
[Black "Meza,Hu"]
[Result "1/2-1/2"]
[WhiteElo "2366"]
[BlackElo "2273"]

1.e4 c5 2.Nf3 Nc6 3.Bb5 g6 4.Bxc6 dxc6 5.d3 Bg7 6.h3 Nf6 7.Nc3 e5 8.Be3 Qe7
9.Qd2 O-O 10.O-O Rd8 11.Bh6 c4 12.Bxg7 Kxg7 13.Qe3 cxd3 14.cxd3 c5 15.Nh2 Nh5
16.Nd5 Qd6 17.Rac1 b6 18.b4 cxb4 19.d4 exd4 20.Qxd4+ Kg8 21.Rc6 Qxc6 22.Ne7+ Kf8
23.Qxd8+ Qe8 24.Qxe8+ Kxe8 25.Nd5 Rb8 26.g4 Ng7 27.Nxb4 Be6 28.Nc6 Rb7 29.a3 Rc7
30.Nd4 Rc4 31.Rd1 Ra4 32.Rd3 Bc4  1/2-1/2

[Event "Politiken Cup"]
[Site "Helsingor DEN"]
[Date "2008.07.24"]
[Round "7"]
[White "Reyer,U"]
[Black "Ukkelberg,O"]
[Result "1/2-1/2"]
[WhiteElo "2178"]
[BlackElo "1986"]

1.e4 c5 2.Nf3 Nc6 3.Bb5 Qc7 4.O-O e6 5.c3 Nf6 6.Re1 a6 7.Bxc6 bxc6 8.e5 Nd5
9.d4 cxd4 10.c4 Nb6 11.Qxd4 c5 12.Qg4 Bb7 13.b3 d5 14.exd6 Bxd6 15.Nbd2  1/2-1/2

[Event "19th Czech Chladek & Tintera A Open"]
[Site "Pardubice CZE"]
[Date "2008.07.24"]
[Round "7"]
[White "Sidorenko,I"]
[Black "Svoboda,V2"]
[Result "1-0"]
[WhiteElo "2355"]
[BlackElo "2254"]

1.e4 c5 2.Nf3 Nc6 3.Bb5 g6 4.Bxc6 bxc6 5.O-O Bg7 6.Re1 e5 7.c3 Ne7 8.d4 cxd4
9.cxd4 exd4 10.Nxd4 O-O 11.Nc3 Bb7 12.e5 d6 13.Bf4 dxe5 14.Bxe5 Nd5 15.Bxg7 Nxc3
16.Qd3 Kxg7 17.Qxc3 Qf6 18.Re7 Bc8 19.Rae1 Rd8 20.Nxc6 Qxc3 21.Rxf7+ Kxf7
22.Nxd8+ Kf6 23.bxc3 Bf5 24.Nc6 Rc8 25.Ne7 Rb8 26.Nd5+ Kg5 27.f4+ Kh6 28.Re7 a5
29.g4 Rb1+ 30.Kf2 Rb2+ 31.Kg3  1-0

[Event "19th Czech Chladek & Tintera A Open"]
[Site "Pardubice CZE"]
[Date "2008.07.24"]
[Round "7"]
[White "Jirasek,P"]
[Black "Antoli Royo,J"]
[Result "1/2-1/2"]
[WhiteElo "2291"]
[BlackElo "2441"]

1.e4 c5 2.Nf3 Nc6 3.Bb5 e6 4.Bxc6 bxc6 5.O-O Qc7 6.d3 e5 7.Nh4 Ne7 8.f4 Ng6
9.Nxg6 hxg6 10.Qf3 exf4 11.Bxf4 d6 12.Nd2 Be6 13.a3 Be7 14.Rab1 O-O 15.b4 cxb4
16.axb4 Bf6 17.Qg3 Rfd8 18.Nf3 Ba2 19.Rbe1 Qb6+ 20.Kh1 Qxb4 21.c4 Rd7 22.Bg5 Bc3
23.Rc1 d5 24.d4 Bb2 25.Qh3 Rb7 26.Bd2 Qa3 27.Rc3 Bxc3 28.Ng5 Rb1 29.Rxb1 Bxb1
30.Qh7+ Kf8 31.Qh8+ Ke7 32.Qxa8 Bxd2 33.Qb7+ Kd8 34.Qb8+  1/2-1/2

[Event "83rd ch-ARG s/f"]
[Site "Buenos Aires ARG"]
[Date "2008.07.25"]
[Round "5"]
[White "Malbran,G"]
[Black "Gallego,G"]
[Result "1/2-1/2"]
[WhiteElo "2241"]
[BlackElo "2070"]

1.e4 c5 2.Nf3 Nc6 3.Bb5 g6 4.Bxc6 dxc6 5.Nc3 Bg7 6.h3 Nf6 7.d3 O-O 8.Be3 b6
9.Qd2 Re8 10.Bh6 Bh8 11.O-O e5 12.a4 a5 13.Kh2 Nh5 14.Ne2 Ra7 15.Ng3 Ng7
16.Ng1 Ne6 17.N1e2 Rd7 18.b3 Qh4 19.Be3 Qe7 20.Rae1 h5 21.f4  1/2-1/2

[Event "XXVI Andorra Open"]
[Site "La Massana AND"]
[Date "2008.07.25"]
[Round "7"]
[White "Delorme,Ax"]
[Black "De la Villa Garcia,J"]
[Result "1/2-1/2"]
[WhiteElo "2377"]
[BlackElo "2458"]

1.e4 c5 2.Nf3 Nc6 3.Bb5 g6 4.Bxc6 dxc6 5.d4 cxd4 6.Qxd4 Qxd4 7.Nxd4 e5 8.Nb3 Nf6
9.f3 Be6 10.Be3 Nd7 11.N1d2 a5 12.a4 Bb4 13.Ke2 Ke7 14.Nc1 Bxd2  1/2-1/2

[Event "ch-AUT"]
[Site "Leoben AUT"]
[Date "2008.07.25"]
[Round "7"]
[White "Froewis,G"]
[Black "Krebs,Jo"]
[Result "1-0"]
[WhiteElo "2269"]
[BlackElo "2245"]

1.e4 c5 2.Nf3 Nc6 3.Bb5 g6 4.Bxc6 dxc6 5.d3 Bg7 6.h3 Nf6 7.Nc3 e5 8.Be3 Qe7
9.Qd2 h6 10.a3 Nd7 11.b4 b6 12.Na4 f5 13.Qc3 f4 14.Bd2 O-O 15.bxc5 b5 16.Nb2 a5
17.Qb3+ Kh7 18.c4 Nxc5 19.Qc2 Be6 20.Bc3 Rfd8 21.O-O Qc7 22.Rfd1 g5 23.d4 g4
24.hxg4 exd4 25.Bxd4 Bxd4 26.Nxd4 Bxg4 27.f3 Rxd4 28.Rxd4 Qa7 29.Kh2 Nb3
30.Qxb3 Qxd4 31.fxg4 f3 32.Qxf3 Qxb2 33.Qf5+ Kg8 34.Rf1 Rd8 35.Qe6+ Kh8 36.Rf7  1-0

[Event "19th Czech Chladek & Tintera A Open"]
[Site "Pardubice CZE"]
[Date "2008.07.25"]
[Round "8"]
[White "Antoli Royo,J"]
[Black "Kavcic,Z"]
[Result "1/2-1/2"]
[WhiteElo "2441"]
[BlackElo "2290"]

1.e4 c5 2.Nf3 Nc6 3.Bb5 g6 4.O-O Bg7 5.c3 Nf6 6.Re1 O-O 7.h3 e5 8.d4 cxd4
9.cxd4 exd4 10.e5 Nd5 11.Bg5 Qc7 12.Qb3 Nb6 13.Nbd2 d5 14.Rac1 Bd7 15.Be7 Rfe8
16.Bd6 Qd8 17.Bxc6 Bxc6 18.Nxd4 Rc8 19.Qg3 Nc4 20.Nxc4 dxc4 21.Rxc4 Qa5 22.Qc3 Qxc3
23.Rxc3 Bd5 24.Nb5 Rxc3 25.Nxc3 Bc6 26.f4 f6 27.Kf2 g5 28.g3 Kf7 29.Re3 gxf4
30.gxf4 fxe5 31.Bxe5 Bxe5 32.fxe5 Ke6 33.Ne2 Rd8 34.Kg3 Rd2 35.b3 Rxa2 36.Nd4+ Ke7
37.e6 Rd2 38.Nf5+ Kf6 39.Nh6 Kg5 40.Nf7+ Kf6 41.h4 Rd4 42.Ng5 h6 43.Nf7 Re4
44.Rd3 Kxe6 45.Nxh6 Rb4 46.Re3+ Re4  1/2-1/2

[Event "19th Czech Chladek & Tintera A Open"]
[Site "Pardubice CZE"]
[Date "2008.07.25"]
[Round "8"]
[White "Samojlov,A"]
[Black "Krivoborodov,E"]
[Result "1/2-1/2"]
[WhiteElo "2258"]
[BlackElo "2414"]

1.e4 c5 2.Nf3 Nc6 3.Bb5 g6 4.O-O Bg7 5.Re1 Nf6 6.e5 Nd5 7.Nc3 Nc7 8.Bxc6 dxc6
9.Ne4 Ne6 10.d3 O-O 11.Be3 b6 12.Qd2 f5 13.exf6 exf6 14.Bh6 a5 15.Bxg7 Kxg7
16.a3 a4 17.Rad1 Ra7 18.Ng3 Re8 19.Re4 Nd4 20.Nxd4 cxd4 21.Rde1 Rxe4 22.Rxe4 c5
23.Qe1 Kf8 24.f3 Bb7 25.Re2 Bd5 26.Ne4 Kg7 27.Qg3 Re7 28.Qf4 f5 29.Ng3 Rxe2
30.Nxe2 Qe7 31.Kf1 Ba2 32.Ke1 b5 33.Kd1 Bf7 34.Qb8 Be8 35.Qf4 Bc6 36.Qb8 h6
37.h4 Be8 38.Qf4 Bf7 39.h5 gxh5 40.Ng3 Bg6 41.Nxf5+ Bxf5 42.Qxf5 Qg5 43.Qd7+ Kf6
44.Qd6+ Kg7 45.Qd7+ Kf6 46.Qd6+ Kf7 47.Qd7+  1/2-1/2